| 000 | 01213cam a2200169ua 4500 | ||
|---|---|---|---|
| 041 |
_aeng _h |
||
| 082 |
_a630.072 _bKER/KE |
||
| 110 | 1 |
_aKerala Agricultural University . _bKAU _c(Vellanikkara, Mannuthy, Thrissur, Kerala ) |
|
| 245 |
_aKerala in agricultural statistics / _cKerala Agricultural University. _hTextual Documents |
||
| 260 |
_aThrissur : _bKerala Agricultural University , _c1977. |
||
| 300 | _a118 ; . | ||
| 504 | _a | ||
| 942 | _cBK | ||
| 999 |
_c4773 _d4773 |
||